Normal view
MARC view
Entry Personal Name
001 - CONTROL NUMBER
- control field: 15317
003 - CONTROL NUMBER IDENTIFIER
- control field: BD-RjUL
005 - DATE AND TIME OF LATEST TRANSACTION
- control field: 20250424115422.0
008 - FIXED-LENGTH DATA ELEMENTS
- fixed length control field: 250424|| aca||aabn | a|a d
040 ## - CATALOGING SOURCE
- Original cataloging agency: BD-RjUL
- Transcribing agency: BD-RjUL
100 ## - HEADING--PERSONAL NAME
- Personal name: Anṣārī, Ẓ., = انصارى، ظ.،
- Dates associated with a name: 1925-
670 ## - SOURCE DATA FOUND
- Source citation: Work cat.: (BD-RjUL)84853: Anṣārī, Ẓ., = انصارى، ظ.، 1925-, خسرو کا ذہنى سفر = Khusrau kā z̲ahnī safar /, 1977.